000 00578nam a2200229Ia 4500
003 OSt
005 20220924140219.0
006 a|||||r|||| 00| 0
007 ta
008 220923b |||||||| |||| 00| 0 ben d
024 _a294075
037 _cTextual
040 _aARTS
_cARTS
_bben
041 _2ben
_aben
082 _aO157,1N381x, M9
100 _aDebsen
_9211096
245 0 _aNabaneeta debsener shreshtha kabita
260 _c1989
650 _aBENGALI LITERATURE
942 _hO157,1N381x, M9
_cTEXL
_2CC
999 _c443319
_d443319